| 000 | 01592cam a2200409 a 4500 | ||
|---|---|---|---|
| 001 | 8566609 | ||
| 003 | OSt | ||
| 005 | 20211011113547.0 | ||
| 006 | m d | ||
| 007 | cr n | ||
| 008 | 981119s1999 flua sb 001 0 eng d | ||
| 020 | _a0849386888 | ||
| 035 | _a(WaSeSS)ssj0000445604 | ||
| 038 | _akhadija | ||
| 040 |
_aDLC _cDLC _dDLC _dWaSeSS |
||
| 050 | 4 |
_aTA455.P58 _bM45 1999 |
|
| 082 | 0 | 0 |
_a620.1929 _221 _bMEN |
| 100 | 1 |
_aMenard, Kevin P. _982954 |
|
| 210 | 1 | 0 | _aDynamic mechanical analysis |
| 245 | 1 | 0 |
_aDynamic mechanical analysis _ba practical introduction / _cKevin P. Menard. |
| 260 |
_aBoca Raton, Fla. : _bCRC Press, _c1999. |
||
| 504 | _aIncludes bibliographical references and index. | ||
| 506 | _aLicense restrictions may limit access. | ||
| 563 | _aHardcover | ||
| 650 | 0 |
_aPolymers _xMechanical properties. _935905 |
|
| 650 | 0 |
_aPolymers _xThermal properties. _983023 |
|
| 773 | 0 | _tMATERIALSnetBASE | |
| 773 | 0 | _tCHEMLIBnetBASE | |
| 773 | 0 | _tENGnetBASE | |
| 773 | 0 | _tMECHANICALENGINEERINGnetBASE | |
| 856 | 4 | 0 |
_uhttp://www.columbia.edu/cgi-bin/cul/resolve?clio8566609.001 _zFull text available from CHEMLIBnetBASE |
| 856 | 4 | 0 |
_uhttp://www.columbia.edu/cgi-bin/cul/resolve?clio8566609.002 _zFull text available from ENGnetBASE |
| 856 | 4 | 0 |
_uhttp://www.columbia.edu/cgi-bin/cul/resolve?clio8566609.003 _zFull text available from MATERIALSnetBASE |
| 856 | 4 | 0 |
_uhttp://www.columbia.edu/cgi-bin/cul/resolve?clio8566609.004 _zFull text available from MECHANICALENGINEERINGnetBASE |
| 910 | _aLibrary of Congress record | ||
| 942 |
_2ddc _cBK |
||
| 999 |
_c32675 _d32675 |
||